000 00604nam a22002417a 4500
001 14435
003 BD-JhCC
005 20251116123712.0
008 251116b |||||||| |||| 00| 0 eng d
020 _a9780141397641
035 _a(BD-JhCC) 14435
040 _aBD-JhCC
_dBD-JhCC
041 _aeng
082 _223
_a180
_bPLA
100 _aPlato
245 _aSocrates' defence /
_cPlato
260 _a London:
_bPenguin Classics,
_c2015
300 _a55p.;
_c17cm.
490 _aPenguin Little black classics
_vN, 52
650 _a Philosophie ancienne
650 _aSocrates
942 _2ddc
_cBK
999 _c14435
_d14435